| 000 | 00405nam a2200169Ia 4500 | ||
|---|---|---|---|
| 999 |
_c7444 _d7444 |
||
| 003 | OSt | ||
| 005 | 20240315132509.0 | ||
| 008 | 200302s9999 xx 000 0 und d | ||
| 020 | _a978-1780677538 | ||
| 082 |
_a720.72 _bLUC |
||
| 100 |
_aLucas, Raymond _qLucas, Ray |
||
| 245 | _aResearch methods for architecture | ||
| 260 | _bLaurence King Publishing | ||
| 260 | _c2016 | ||
| 300 | _a208 | ||
| 942 | _2ddc | ||